| 000 | nam a22 7a 4500 | ||
|---|---|---|---|
| 999 |
_c129711 _d129711 |
||
| 008 | 190815b xxu||||| |||| 00| 0 eng d | ||
| 020 | _a9783846505878 | ||
| 050 | _aDT2996.C534 | ||
| 100 |
_aChigora, Percylage _947828 |
||
| 245 |
_aPolitics in Zimbabwe in the 21st Century _bdomestic and international issues for national healing and reconciliation _cPercyslage Chigora |
||
| 260 |
_aGermany _bLAP LAMBERT Academic Publishing _c2011 |
||
| 300 |
_a135p. ; _c23cm. |
||
| 651 |
_aZimbabwe _xPolitics _y1980- _943106 |
||
| 651 |
_aZimbabwe _xInternational relations _947829 |
||
| 942 |
_2lcc _cMONOGRAPH |
||